004810000a22001570004500060000800000082001600008100001600024245006900040260003200109260000900141300000800150650002500158942000700183999001900190952011400209 a100 a635.955 BLO aBloom, Alan aMoisture gardening Hardy perennials in their natural environment aLondon, Faber and Faber Ltd c1966 a125 aGardening - moisture cBK c351757d351757 00104070aKAUCOAVbKAUCOAVd2014-05-02l0o635.955 BLOpKAU_COAV-16599r2014-05-02 00:00:00w2014-05-02yBK